Marriages and families : (Record no. 39611)
[ view plain ]
| 000 -LEADER | |
|---|---|
| fixed length control field | 00655nam a2200205 a 4500 |
| 005 - DATE AND TIME OF LATEST TRANSACTION | |
| control field | 20140311163029.0 |
| 008 - FIXED-LENGTH DATA ELEMENTS--GENERAL INFORMATION | |
| fixed length control field | 100302s19uu xx 00 eng d |
| 020 ## - INTERNATIONAL STANDARD BOOK NUMBER | |
| International Standard Book Number | 13:9780495390923 |
| 050 ## - LIBRARY OF CONGRESS CALL NUMBER | |
| Classification number | HQ 734 |
| Item number | .L23 2009 |
| 100 ## - MAIN ENTRY--PERSONAL NAME | |
| Personal name | Lamanna, Mary Ann |
| 245 ## - TITLE STATEMENT | |
| Title | Marriages and families : |
| Remainder of title | making choices in a diverse society / |
| Statement of responsibility, etc | Mary Ann Lamanna, Agnes Riedmann. |
| 250 ## - EDITION STATEMENT | |
| Edition statement | 10th ed. |
| 260 ## - PUBLICATION, DISTRIBUTION, ETC. (IMPRINT) | |
| Place of publication, distribution, etc | Australia : |
| Name of publisher, distributor, etc | Thomson, |
| Date of publication, distribution, etc | 2009. |
| 300 ## - PHYSICAL DESCRIPTION | |
| Extent | 643 p. : |
| Other physical details | col. ill. ; |
| Dimensions | 28 cm. |
| 521 ## - TARGET AUDIENCE NOTE | |
| Target audience note | |
| 650 ## - SUBJECT ADDED ENTRY--TOPICAL TERM | |
| Topical term or geographic name as entry element | Marriage |
| General subdivision | influenced |
| -- | society. 2. Family |
| -- | influenced - society. |
| 700 ## - ADDED ENTRY--PERSONAL NAME | |
| Personal name | Riedmann, Agnes |
| 942 ## - ADDED ENTRY ELEMENTS (KOHA) | |
| Koha item type | Books |
| Source of classification or shelving scheme | Library of Congress Classification |
| Call number prefix | Foreign |
| Withdrawn status | Lost status | Source of classification or shelving scheme | Damaged status | Home library | Current library | Shelving location | Date acquired | Source of acquisition | Cost, normal purchase price | Total Checkouts | Full call number | Barcode | Date last seen | Copy number | Price effective from | Koha item type |
|---|---|---|---|---|---|---|---|---|---|---|---|---|---|---|---|---|
| Library of Congress Classification | College Library | College Library | General Circulation Section | 04/07/2010 | Donation | 4556.00 | HQ 734 .L23 2009 | C10846 | 05/15/2018 | 1 | 10/18/2013 | Books |